000 00400 a2200157 4500
999 _c320942
_d320942
001 85869
003 NUST
005 20180121141136.0
008 180121b xxu||||| |||| 00| 0 eng d
020 _a9781559347358
082 _a305 MAR
100 _aMartin N. Marger
_99352
245 _aSocial inequality : patterns and processes
_hEnglish
250 _a1st
260 _aLondon
_bMountain View
_c1999
300 _axvi413 p.
500 _aGifted By AM Masood Akhtar
942 _acaenust
_cBK
_k305 MAR
_2ddc